The new Asian renaissance : From colonialism to the post-Cold War

Godement has provided an informative and insightful overview of the modern political history of East and Southeast Asia which should enhance our understanding of this changing and complex region. This study traces the essential stages of today's East Asia from it's birth under colonial ru...

Deskribapen osoa

Gorde:
Xehetasun bibliografikoak
Egile nagusia: Godement, Francois
Formatua: Liburua
Hizkuntza:Undetermined
Argitaratua: London ; New York Routledge 1997
Gaiak:
Etiketak: Etiketa erantsi
Etiketarik gabe, Izan zaitez lehena erregistro honi etiketa jartzen!
Thư viện lưu trữ: Trung tâm Học liệu Trường Đại học Cần Thơ
LEADER 01014nam a2200241Ia 4500
001 CTU_109108
008 210402s9999 xx 000 0 und d
020 |c 27.50 
082 |a 950.4 
082 |b G581 
100 |a Godement, Francois 
245 4 |a The new Asian renaissance : 
245 0 |b From colonialism to the post-Cold War 
245 0 |c Francois Godement ; Translated by Elisabeth J. Parcell 
260 |a London ; New York 
260 |b Routledge 
260 |c 1997 
520 |a Godement has provided an informative and insightful overview of the modern political history of East and Southeast Asia which should enhance our understanding of this changing and complex region. This study traces the essential stages of today's East Asia from it's birth under colonial rule to the post Cold War era. 
650 |a Asia,Châu Á 
650 |x History,Lịch sử 
650 |y 20th century 
904 |i M.Loan - Nguyễn An Khang 
980 |a Trung tâm Học liệu Trường Đại học Cần Thơ